Sports Quiz

Random Sports or Europe Quiz

World Cup and European Cup in Same Year Quiz Stats

 Plays Quiz not verified by Sporcle

Score 0/9 Timer 08:00
0 Plays Today
Club Answer % Correct
Bayern MunichFranz Beckenbauer
92.2%
Bayern MunichGerd Muller
87.1%
Real MadridRoberto Carlos
84.5%
Bayern MunichSepp Maier
65.5%
Real MadridChristian Karembeu
64.7%
Bayern MunichPaul Breitner
62.1%
Bayern MunichUli Hoeness
48.3%
Bayern MunichHans-Georg Schwarzenbeck
36.2%
Bayern MunichJupp Kapellmann
14.7%

You're not logged in!

Compare scores with friends on all Sporcle quizzes.
Join for Free
OR
Log In

You Might Also Like...

Show Comments

Extras

Top Quizzes Today


Score Distribution

Your Account Isn't Verified!

In order to create a playlist on Sporcle, you need to verify the email address you used during registration. Go to your Sporcle Settings to finish the process.

Report this User

Report this user for behavior that violates our Community Guidelines.

Details: